|
|
|
|
| LEADER |
00000nab a2200000 a 4500 |
| 001 |
vtls000711945 |
| 003 |
SK-MaSNL |
| 005 |
20260304223203.0 |
| 008 |
250429c1999 xo 0 slo |
| 015 |
|
|
|a SNBRB2000/02-05562
|
| 035 |
|
|
|a CLN000064112
|
| 035 |
|
|
|a urn:nbn:sk:snk-ab9z6l
|
| 035 |
|
|
|a (urnnbn)urn:nbn:sk:snk:ar-a095vb
|
| 035 |
|
|
|a (uuid)3aac53d3-58b9-479e-b33d-0d9c1cc523c7
|
| 040 |
|
|
|a SNKBUCL
|b slo
|c SNKBUCL
|e AACR2
|
| 041 |
0 |
|
|a slo
|
| 044 |
|
|
|a xo
|c SK
|
| 080 |
|
|
|a 502.4(437.6)
|2 1997
|
| 100 |
1 |
|
|a Jasík, Marián
|4 aut
|9 594561
|
| 245 |
1 |
0 |
|a Nové chránené územia v Banskobystrickom kraji
|n III
|c Marián Jasík
|
| 300 |
|
|
|b Obr.
|
| 650 |
0 |
7 |
|a chránené územia
|2 snkbucl
|9 3785
|
| 651 |
|
7 |
|a Banská Bystrica (Slovensko)
|2 snkbucl
|9 22015
|
| 651 |
|
7 |
|a Prírodná rezervácia Hrabovo (Slovensko)
|2 snkbucl
|9 104623
|
| 651 |
|
7 |
|a Prírodná rezervácia Bujakov vrch (Slovensko)
|2 snkbucl
|9 145841
|
| 651 |
|
7 |
|a Prírodná rezervácia Pobrežie Ružinej (Slovensko)
|2 snkbucl
|9 145842
|
| 651 |
|
7 |
|a Prírodná rezervácia Stará kopa (Slovensko)
|2 snkbucl
|9 145843
|
| 651 |
|
7 |
|a Prírodná rezervácia Pstruša (Slovensko)
|2 snkbucl
|9 145844
|
| 651 |
|
7 |
|a Michalštôlnianske rašelinisko (Slovensko : chránený areál)
|2 snkbucl
|9 1556979
|
| 651 |
|
7 |
|a Prírodná pamiatka Kremenia (Slovensko)
|2 snkbucl
|9 145845
|
| 655 |
|
7 |
|a články z novín a časopisov
|2 snkbucl
|9 267496
|
| 773 |
0 |
|
|t Chránené územia Slovenska
|g Č. 39 (1999), s. 3-4
|x 1335-1737
|
| 850 |
|
|
|a Slovenská národná knižnica
|
| 852 |
|
|
|a Slovenská národná knižnica
|
| 954 |
|
|
|a odborná, vedecká literatúra pôvodná (slovenská)
|2 lita
|
| 958 |
|
|
|a article13
|
| 958 |
|
|
|a OND
|
| 958 |
|
|
|a EUIPO
|
| 992 |
|
|
|a RBX
|
| 999 |
|
|
|c 3166809
|d 3168739
|